| 000 | 01096cam a2200265 i 4500 | ||
|---|---|---|---|
| 003 | SA-RiAUC | ||
| 005 | 20250807070443.0 | ||
| 008 | 250806s1988 le g 00010 ara c | ||
| 040 |
_aSA-RIMASH _bara _cSA-RiAUC _erda |
||
| 082 | 0 | 4 | _a252.2 |
| 090 |
_a252.2 _bح م و |
||
| 100 | 1 |
_aالحموي، أحمد بن محمد مكي، _dتوفي 1098 هجري _eمؤلف. |
|
| 245 | 1 | 2 |
_aالدرر الثمينة في حكم الصلاة في السفينة / _cأحمد بن محمد الحموي ؛ تحقيق مشهور حسن سلمان. |
| 250 | _aالطبعة الأولى. | ||
| 264 | 1 |
_aبيروت : _bدار الصحابة، _c1988 |
|
| 300 |
_a40 صفحة ؛ _c22 سم |
||
| 336 |
_aنص _btxt _2rdacontent _3كتاب |
||
| 337 |
_aبدون وسيط _bn _2rdamedia |
||
| 338 |
_aمجلد _bnc _2rdacarrier |
||
| 650 | 7 |
_aالصلاة (فقه إسلامي) _2aucsh |
|
| 650 | 7 |
_aالعبادات (فقه إسلامي) _2aucsh |
|
| 700 | 1 |
_aآل سليمان، مشهور بن حسن، _d1380 هجري- _eمحقق. |
|
| 942 |
_2ddc _cBOOK _n0 |
||
| 949 |
_aSA-JeALM _d250806 _umohamedma123 _n1 |
||
| 999 |
_c10617 _d10617 |
||